000 00698nam a22002057a 4500
005 20100813115317.0
010 _aENG-100140
020 _a9788170589280
_c135.00
035 _aEN-83672
037 _bDBAD/PUB
082 _a181.499
100 _aPurani, A. B.
_912402
245 _aSri aurobindo's life divine /
_cby A. B. Purani
250 _a2nd ed
260 _aPondicherry
_bSri Aurobindo Ashram Publication Department
_c2009
270 _bPondicherry
300 _a236p.:
_bill
_c22cm (pbk)
942 _2ddc
_cEN
_h181.499
_mPUR
999 _c41538
_d41538